Understanding management

Saved in:
Bibliographic Details
Main Author: Daft
Other Authors: Marcic
Format: Book
Published: Mason Thomson Business and Economic 2006
Edition:5th ed.
Subjects:
Tags: Add Tag
No Tags, Be the first to tag this record!
Call Number :HD31 D138 2006

MARC

LEADER 00000pam a2200000 4500
001 36523
003 MY-KLNDU
005 20241218091030.0
020 0 0 |a 0324405715 
035 |a 0000029162 
039 9 |y 200910091612  |z VLOAD 
090 0 0 |a HD31  |b D138 2006 
100 1 0 |a Daft  |h Richard L. 
245 1 0 |a Understanding management  |c Richard L.Daft,Dorothy Marcic 
250 0 0 |a 5th ed. 
260 0 0 |a Mason  |b Thomson Business and Economic  |c 2006 
300 |a 1v.(various pagings  |b col.ill  |c 26cm 
504 0 0 |a Includes bibliographical references and index 
650 0 0 |a Management 
700 1 1 |a Marcic  |h Dorothy 
999 |a vtls000025894  |c 36523  |d 36523